000 01274nam0a2200277 4500
001 RU\NLR\bibl\1058693
005 20250615040120.0
021 _aRU
_b2007-4534
_9232
035 _a(NLR Aleph) 001045973
090 _a848354
_c848354
100 _a20070314d2006 |||y0rusy50 ca
101 0 _arus
102 _aRU
105 _ay |||||||||
200 1 _aФронтом в никуда, а на противника тылом
_eпрошлое и перспективы борьбы в воздушно-космической сфере. Проблема выбора пути развития воздушно-космической обороны страны
_fЕрохин И.В., засл. деятель науки РФ, акад. Акад. воен. наук, д.воен.н., проф.
210 _aТверь
_c[б.и.]
_d2006
215 _a394 с.
_d20
606 1 _aПротивовоздушная оборона
_9897683
_3RU\NLR\auth\665606
606 1 _aПротивокосмическая оборона
_91811896
_3RU\NLR\auth\66817441
686 _aЦ64,5(0)0-54
700 1 _aЕрохин
_bИ. В.
_gИван Васильевич
_4070
801 0 _aRU
_bNLR
_c20070314
_gRCR
801 1 _aRU
_bNLR
_c20070314
942 _cBOOK
980 _aNB